| 000 | nam a22 a 4500 | ||
|---|---|---|---|
| 999 |
_c1842 _d1842 |
||
| 005 | 20170512102102.0 | ||
| 008 | 170512b1996 enk||||| |||| 00| 0 eng d | ||
| 020 |
_a1859411738 (pbk) : _c£18.95 |
||
| 040 | _aAKMAL | ||
| 082 | _a344.20577 HUN | ||
| 090 |
_a344.20577 _bHUN |
||
| 100 | 1 |
_aHungerford-Welch, Peter. _93819 |
|
| 245 | 1 | 0 |
_a Criminal litigation & sentencing / _cPeter Hungerford-Welch |
| 250 | _a3rd ed | ||
| 260 |
_a London : _bCavendish _c1996. |
||
| 300 |
_axxxvi, 435p. ; _c25cm |
||
| 490 | 1 | _aLecture notes | |
| 500 | _aPrevious ed.: 1995. Includes index. | ||
| 599 | _aDALAM PROSES | ||
| 650 | 0 |
_aCriminal justice, Administration of . _zEngland _93820 |
|
| 650 | 0 |
_aCriminal justice, Administration of _zWales. _93821 |
|
| 650 | 0 |
_aCriminal procedure _zEngland. _93822 |
|
| 650 | 0 |
_aCriminal procedure _zWales _93823 |
|
| 830 | 0 |
_aBerkeley mathematics lecture notes. _93824 |
|
| 852 | 4 | 1 |
_aBritish Library _bHMNTS |
| 942 |
_2ddc _cBOOK |
||